Karl Gerstner chez Denise René (Record no. 12628)

MARC details
000 - LÍDER
campo de control de longitud fija 01068nam a2200217Ia 4500
008 - ELEMENTOS DE DATOS DE LONGITUD FIJA - INFORMACIÓN GENERAL
campo de control de longitud fija 0000001999 fr ad 0000000000fre00
090 ## - NÚMERO DE LLAMADA DE TIPO LC LOCALMENTE ASIGNADO (OCLC)
Número de clasificación (OCLC) (R) PSZ00 K17k
245 10 - TÍTULO DECLARACIÓN
Título Karl Gerstner chez Denise René
260 ## - PUBLICACIÓN, DISTRIBUCIÓN
Lugar de publicación Paris : Galerie Denise René
Fecha de publicación 1999
300 ## - DESCRIPCIÓN FÍSICA
Alcance [28] p.
Dimensiones / 27 cm.
500 ## - NOTA GENERAL
Nota general Exposición realizada en Galerie Denise René, Rive gauche, noviembre 6 diciembre 2, 1999; Galerie Denise René, Espace Marais,1999 \ Incluye datos biográficos del artista \ Donación Fundación Cisneros, Caracas, Venezuela, 2010 \ Proyecto Ganador Programa Apoyos Concertados FGAA 2010
505 ## - NOTA DE CONTENIDO FORMATEADA
Nota sobre el contenido formateado OBRAS : Syncromie L'eXcentrum fongentiel Carro 64 do it yourself Métachromes Color fractal AlgoRhythm Color sound Color form Color lines Tableau structure
600 00 - ENTRADA DE SUJETO AÑADIDO - NOMBRE PERSONAL
Nombre de la persona GERSTNER, KARL, 1930/
Subdivisión general TRABAJOS PICTORICOS
650 14 - ENTRADA DE SUJETO AÑADIDO - TÉRMINO TÓPICO
Término tópico o elemento de entrada del nombre geográfico ARTE CONTEMPORANEO SUIZO
650 14 - ENTRADA DE SUJETO AÑADIDO - TÉRMINO TÓPICO
Término tópico o elemento de entrada del nombre geográfico ARTISTAS PLASTICOS SUIZOS
650 14 - ENTRADA DE SUJETO AÑADIDO - TÉRMINO TÓPICO
Subdivisión general CATALOGOS
650 14 - ENTRADA DE SUJETO AÑADIDO - TÉRMINO TÓPICO
Término tópico o elemento de entrada del nombre geográfico COLOR EN EL ARTE
650 14 - ENTRADA DE SUJETO AÑADIDO - TÉRMINO TÓPICO
Subdivisión general EXPOSICIONES
650 14 - ENTRADA DE SUJETO AÑADIDO - TÉRMINO TÓPICO
Término tópico o elemento de entrada del nombre geográfico PINTORES SUIZOS
650 14 - ENTRADA DE SUJETO AÑADIDO - TÉRMINO TÓPICO
Término tópico o elemento de entrada del nombre geográfico PINTURA SUIZA
Holdings
Estado de retirada Pérdida de estatus Estado dañado No para préstamo Código de recogida Ubicación permanente Ubicación actual Ubicación de las estanterías Fecha de adquisición Número de llamada completo Código de barras Fecha de la última vez que se vio Número de copia Precio efectivo desde Tipo de artículo Koha
        General ArtNexus ArtNexus General 06/09/2022 P-SZ-00 K17K 12768 06/09/2022 Ej.1 06/09/2022 Libro

Powered by Koha